טוען...

International financial management

מידע ביבליוגרפי
מחבר ראשי: Jain, P K. et.al
פורמט: Printed Book
יצא לאור: Macmillan: India Ltd. 2000
נושאים:
LEADER 00564nam a2200193 4500
020 |c 195 
082 |a S 658.15I JAI 
100 |a Jain, P K. et.al. 
245 |a International financial management  |c Jain, P K. et.al. 
250
260 |a Macmillan: India Ltd.  |c 2000 
300 |a 334 p 
490
500
590 |a Classic Books 
650 |a International financial management 
942 |c BK 
999 |c 137351  |d 137351 
952 |0 0  |1 0  |4 0  |6 S_658_000000000000000_15I_JAI  |7 0  |9 150811  |a IMK  |b IMK  |g 195.00  |l 0  |o S 658.15I JAI  |p IMK04357  |r 2019-10-25  |w 2019-10-25  |y BK